| Tag |
First Indicator |
Second Indicator |
Subfields |
| LEADER |
00000cam a2200000 4500 |
| 001 |
in00000036289 |
| 005 |
20151007055431.0 |
| 008 |
711229s1958 nyu 00010 eng |
| 010 |
|
|
|a 58007980
|
| 035 |
|
|
|a (OCoLC)00188410
|
| 035 |
|
|
|9 AAB8235AM
|
| 040 |
|
|
|a DLC
|c WSU
|d SER
|d UtOrBLW
|
| 049 |
|
|
|a TXAM
|c [301592]
|
| 050 |
0 |
0 |
|a LB3092
|b .P3
|
| 082 |
0 |
|
|a 371.3
|
| 100 |
1 |
|
|a Parrish, Louise.
|
| 245 |
1 |
0 |
|a Teacher-pupil planning for better classroom learning /
|c by Louise Parrish and Yvonne Waskin.
|
| 250 |
|
|
|a [1st ed.].
|
| 264 |
|
1 |
|a New York :
|b Harper,
|c [1958]
|
| 300 |
|
|
|a 160 pages ;
|c 21 cm.
|
| 336 |
|
|
|a text
|b txt
|2 rdacontent
|
| 337 |
|
|
|a unmediated
|b n
|2 rdamedia
|
| 338 |
|
|
|a volume
|b nc
|2 rdacarrier
|
| 650 |
|
0 |
|a Student government.
|
| 700 |
1 |
|
|a Waskin, Yvonne.
|
| 999 |
|
|
|a MARS
|
| 999 |
f |
f |
|s e80db38c-267a-3a86-aaac-d1ee33bd5ffc
|i 530b2673-8e6b-38e0-a7e5-03bdfdad53d3
|t 0
|
| 952 |
f |
f |
|p normal
|a Texas A&M University
|b College Station
|c Sterling C. Evans Library
|d Evans: Library Stacks
|t 0
|e LB3092 .P3
|h Library of Congress classification
|i unmediated -- volume
|m A14810783102
|
| 998 |
f |
f |
|a LB3092 .P3
|t 0
|l Evans: Library Stacks
|